The gender politics of the Namibian liberation struggle / (Record no. 133470)
[ view plain ]
| 000 -LEADER | |
|---|---|
| fixed length control field | 02061nam a2200469 i 4500 |
| 001 - CONTROL NUMBER | |
| control field | ebr11033531 |
| 003 - CONTROL NUMBER IDENTIFIER | |
| control field | CaPaEBR |
| 006 - FIXED-LENGTH DATA ELEMENTS--ADDITIONAL MATERIAL CHARACTERISTICS--GENERAL INFORMATION | |
| fixed length control field | m o d |
| 007 - PHYSICAL DESCRIPTION FIXED FIELD--GENERAL INFORMATION | |
| fixed length control field | cr cn||||||||| |
| 008 - FIXED-LENGTH DATA ELEMENTS--GENERAL INFORMATION | |
| fixed length control field | 150327t20142014sz ab ob 001 0 eng d |
| 020 ## - INTERNATIONAL STANDARD BOOK NUMBER | |
| Cancelled/invalid ISBN | 9783905758269 |
| International Standard Book Number | 9783905758504 (e-book) |
| 040 ## - CATALOGING SOURCE | |
| Original cataloging agency | CaPaEBR |
| Language of cataloging | eng |
| Description conventions | rda |
| -- | pn |
| Transcribing agency | CaPaEBR |
| 043 ## - GEOGRAPHIC AREA CODE | |
| Geographic area code | f-sx--- |
| 050 14 - LIBRARY OF CONGRESS CALL NUMBER | |
| Classification number | DT1638 |
| Item number | .A339 2014eb |
| 082 04 - DEWEY DECIMAL CLASSIFICATION NUMBER | |
| Classification number | 968.803 |
| Edition number | 23 |
| 100 1# - MAIN ENTRY--PERSONAL NAME | |
| Personal name | Akawa, Martha, |
| Relator term | author. |
| 245 14 - TITLE STATEMENT | |
| Title | The gender politics of the Namibian liberation struggle / |
| Statement of responsibility, etc | Martha Akawa ; preface by Bience Gawanas. |
| 264 #1 - PRODUCTION, PUBLICATION, DISTRIBUTION, MANUFACTURE, AND COPYRIGHT NOTICE | |
| Place of production, publication, distribution, manufacture | Basel, Switzerland : |
| Name of producer, publisher, distributor, manufacturer | Basler Afrika Bibliographien, |
| Date of production, publication, distribution, manufacture, or copyright notice | 2014. |
| Date of production, publication, distribution, manufacture, or copyright notice | �2014 |
| 300 ## - PHYSICAL DESCRIPTION | |
| Extent | 1 online resource (248 pages) : |
| Other physical details | illustrations, maps. |
| 336 ## - CONTENT TYPE | |
| Content type term | text |
| Source | rdacontent |
| 337 ## - MEDIA TYPE | |
| Media type term | computer |
| Source | rdamedia |
| 338 ## - CARRIER TYPE | |
| Carrier type term | online resource |
| Source | rdacarrier |
| 490 1# - SERIES STATEMENT | |
| Series statement | Basel Namibia Studies Series, |
| International Standard Serial Number | 2234-9561 ; |
| Volume number/sequential designation | 13 |
| 504 ## - BIBLIOGRAPHY, ETC. NOTE | |
| Bibliography, etc | Includes bibliographical references and index. |
| 588 ## - SOURCE OF DESCRIPTION NOTE | |
| Source of description note | Description based on print version record. |
| 590 ## - LOCAL NOTE (RLIN) | |
| Local note | Electronic reproduction. Palo Alto, Calif. : ebrary, 2015. Available via World Wide Web. Access may be limited to ebrary affiliated libraries. |
| 610 20 - SUBJECT ADDED ENTRY--CORPORATE NAME | |
| Corporate name or jurisdiction name as entry element | SWAPO. |
| 650 #0 - SUBJECT ADDED ENTRY--TOPICAL TERM | |
| Topical term or geographic name as entry element | National liberation movements |
| Geographic subdivision | Namibia. |
| Topical term or geographic name as entry element | Sex role. |
| Topical term or geographic name as entry element | Equality |
| Geographic subdivision | Namibia. |
| Topical term or geographic name as entry element | Women refugees |
| Geographic subdivision | Namibia. |
| 651 #0 - SUBJECT ADDED ENTRY--GEOGRAPHIC NAME | |
| Geographic name | Namibia |
| General subdivision | Politics and government |
| Chronological subdivision | 1946-1990. |
| Geographic name | Namibia |
| General subdivision | Politics and government |
| Chronological subdivision | 1990- |
| 655 #0 - INDEX TERM--GENRE/FORM | |
| Genre/form data or focus term | Electronic books. |
| 700 1# - ADDED ENTRY--PERSONAL NAME | |
| Personal name | Gawanas, Bience, |
| Relator term | author of introduction, etc. |
| 776 08 - ADDITIONAL PHYSICAL FORM ENTRY | |
| Display text | Print version: |
| Main entry heading | Akawa, Martha. |
| Title | Gender politics of the Namibian liberation struggle. |
| Place, publisher, and date of publication | Basel, Switzerland : Basler Afrika Bibliographien, c2014 |
| Physical description | xvi, 230 pages |
| Series data for related item | Basel Namibia studies series ; 13. |
| International Standard Serial Number | 2234-9561 |
| International Standard Book Number | 9783905758269 |
| Record control number | 2014476324 |
| 797 2# - LOCAL ADDED ENTRY--CORPORATE NAME (RLIN) | |
| Corporate name or jurisdiction name as entry element | ebrary. |
| 830 #0 - SERIES ADDED ENTRY--UNIFORM TITLE | |
| Uniform title | Basel Namibia studies series ; |
| Volume number/sequential designation | 13. |
| 856 40 - ELECTRONIC LOCATION AND ACCESS | |
| Uniform Resource Identifier | <a href="http://site.ebrary.com/lib/rucke/Doc?id=11033531">http://site.ebrary.com/lib/rucke/Doc?id=11033531</a> |
| Public note | An electronic book accessible through the World Wide Web; click to view |
No items available.
